000 00745nam a2200169Ia 4500
008 090711s9999 xx 000 0 und d
082 _b64118
100 _aकापसे प्रभाकर
245 _aविसाव्या शतकातील महान खेळाडू जेसी कोवेन्स
260 _c1988
300 _a35
600 _aकापसे प्रभाकर
630 _aविसाव्या शतकातील महान खेळाडू जेसी कोवेन्स
700 _aकापसे प्रभाकर
730 _aविसाव्या शतकातील महान खेळाडू जेसी कोवेन्स
942 _cBOOK
999 _c312667
_d312667